000 00928 a2200277 4500
005 20260507122324.0
020 _a9781416043904
050 0 0 _aRC961
_bMAG 2013
100 _aMagill, Alan J.
_eeditor
245 0 0 _aHunter's tropical medicine and emerging infectious diseases /
_c Alan J. Magill, David R. Hill, Tom Solomon and Edward T. Ryan
250 _aNinth edition
264 1 _aLondon :
_bSaunders/Elsevier,
_c2013
300 _a1190 pages :
_billustrations (coloured)
336 _2rdacontent
_atext
_btxt
337 _2rdamedia
_aunmediated
_bn
338 _2rdacarrier
_avolume
_bnc
504 _aIncludes bibliographical references and index
505 _a.
520 _a.
650 0 _aTropical medicine.
650 0 _aEmerging infectious diseases.
700 _aHill, David R.
_eeditor
700 _aSolomon, Tom
_eeditor
700 _aRyan, Edward T.
_eeditor
942 _2lcc
_cBK
_eNinth edition
_h961
_iMAG
_kRC
999 _c6616
_d6616